Meningitis (Record no. 32324)
[ view plain ]
| 000 -LEADER | |
|---|---|
| fixed length control field | 02165nam a2200385 a 4500 |
| 082 04 - DEWEY DECIMAL CLASSIFICATION NUMBER | |
| Classification number | 616.82 |
| 245 00 - TITLE STATEMENT | |
| Title | Meningitis |
| 260 ## - PUBLICATION, DISTRIBUTION, ETC. (IMPRINT) | |
| Place of publication | Hauppauge, N.Y. : |
| Name of publisher | Nova Science Publishers, |
| Year of publication | c2012. |
| 300 ## - PHYSICAL DESCRIPTION | |
| Number of Pages | xiv, 288 p. : |
| Other physical details | ill. |
| 490 1# - SERIES STATEMENT | |
| Series statement | Neuroscience research progress |
| Series statement | Neurology - laboratory and clinical research developments |
| 505 0# - FORMATTED CONTENTS NOTE | |
| Formatted contents note | Bacterial meningitis : molecular diagnosis and epidemiological typing : a review / Ziad W. Jaradat -- Meningitis : causes, diagnosis, and treatment / Rewati Raman Sharma, Apollina Sharma -- Meningitis associated with autoimmune diseases / Masakazu Nakamura ... [et al.] -- Meningitis : causes, diagnosis, and treatment / Sandip K. Dash ... [et al.] -- Bacterial meningitis : novel dissemination and invasion routes / Aristotelis S. Filippidis ... [et al.] -- Contemporary management of nosocomial bacterial meningitis in neurosurgical practice / Moncef Berhouma -- Mollaret's meningitis / Poulikakos Panagiotis. |
| 650 #0 - SUBJECT ADDED ENTRY--TOPICAL TERM | |
| Topical Term | Meningitis |
| Topical Term | Meningitis |
| 700 1# - ADDED ENTRY--PERSONAL NAME | |
| Personal name | Houllis, Grigoris. |
| Personal name | Karachalios, Magdalini. |
| 856 40 - ELECTRONIC LOCATION AND ACCESS | |
| Uniform Resource Identifier | http://site.ebrary.com/lib/rucke/Doc?id=10683031 |
No items available.
